The Greek palette : a cookbook /

Bibliographic Details
Corporate Author: Greek Ladies Philoptochos Society "Myroforoi" (Saints Constantine and Helen Greek Orthodox Church)
Format: Book
Language:English
Published: Kearney, NE : Cookbooks by Morris Press, [1987]
Subjects:

MARC

Tag First Indicator Second Indicator Subfields
LEADER 00000cam a2200000Ia 4500
001 in00002495821
005 20190207102032.0
008 090112s1987 nbua 001 0 eng d
035 |a (OCoLC)ocn298111477 
035 |a (OCoLC)298111477 
040 |a TXA  |c TXA  |d UtOrBLW 
043 |a n-us-ma 
049 |a TXAM 
090 |a TX723.5.G8  |b G743 1987 
245 0 4 |a The Greek palette :  |b a cookbook /  |c Greek Ladies Philoptochos Society "Myroforoi", Saints Constantine and Helen Greek Orthodox Church, Lawrence, Massachusetts. 
264 1 |a Kearney, NE :  |b Cookbooks by Morris Press,  |c [1987] 
264 4 |c ©1987 
300 |a 192 pages :  |b illustrations ;  |c 22 cm. 
336 |a text  |b txt  |2 rdacontent 
337 |a unmediated  |b n  |2 rdamedia 
338 |a volume  |b nc  |2 rdacarrier 
500 |a The Cushing Library/Chapman Texas Collection copy is part of the Floyd & Louise Chapman Texas & Borderlands Collection.  |5 TXA 
500 |a Includes index. 
500 |a The Cushing Library/Texas & Borderlands copy was donated by Bonnie and John Kamenar. 
500 |a "The Texas Cookbook Collection." 
650 0 |a Cooking, Greek. 
710 2 |a Greek Ladies Philoptochos Society "Myroforoi" (Saints Constantine and Helen Greek Orthodox Church) 
948 |a cataloged  |b h  |c 2009/1/12  |d c  |e jgreene  |f 9:54:22 am 
994 |a C0  |b TXA 
999 |a MARS 
999 f f |s 25d18ab4-f947-37db-9545-fa29dd32e5a7  |i e0664e2f-52a1-3005-acb8-07277d00f963  |t 0 
952 f f |p noncirc  |a Texas A&M University  |b College Station  |c Cushing Memorial Library & Archives  |d Cushing: Chapman Texas Collection (Does not check out)  |t 0  |e TX723.5.G8 G743 1987  |h Library of Congress classification  |i unmediated -- volume 
998 f f |a TX723.5.G8 G743 1987  |t 0  |l Cushing: Chapman Texas Collection (Does not check out)